The noble scholar, jurist, historian


 His Excellency Dr. Abdul Wahhab bin Ibrahim Abu Sulaiman, may Allah have mercy on him.


 He was born in Umm Al-Qura in the year 1356 AH.

كتاب معالم القربة في أحكام الحسبة / (Record no. 13747)

MARC details
000 -LEADER
fixed length control field 01659cam a22003731i 4500
003 - CONTROL NUMBER IDENTIFIER
control field SA-RiAUC
005 - DATE AND TIME OF LATEST TRANSACTION
control field 20251229075723.0
008 - FIXED-LENGTH DATA ELEMENTS--GENERAL INFORMATION
fixed length control field 251120s1976 ua a g b f00100 ara c
020 ## - INTERNATIONAL STANDARD BOOK NUMBER
Canceled/invalid ISBN 977201159
040 ## - CATALOGING SOURCE
Original cataloging agency SA-RiAUC
Language of cataloging ara
Transcribing agency SA-RiAUC
Description conventions rda
082 04 - DEWEY DECIMAL CLASSIFICATION NUMBER
Classification number 257.2
Assigning agency SA-RiAUC
090 ## - LOCALLY ASSIGNED LC-TYPE CALL NUMBER (OCLC); LOCAL CALL NUMBER (RLIN)
Classification number (OCLC) (R) ; Classification number, CALL (RLIN) (NR) 257.2
Local cutter number (OCLC) ; Book number/undivided call number, CALL (RLIN) ا ب ن ا
100 1# - MAIN ENTRY--PERSONAL NAME
Personal name ابن الإخوة، محمد بن محمد بن أحمد،
Dates associated with a name 648-729 هجري
Relator term مؤلف.
245 10 - TITLE STATEMENT
Title كتاب معالم القربة في أحكام الحسبة /
Statement of responsibility, etc. محمد بن محمد بن أحمد القرشي بن الأخوة ؛ تحقيق محمد محمود شعبان، صديق أحمد عيسى المطبعي.
246 30 - VARYING FORM OF TITLE
Title proper/short title معالم القربة في أحكام الحسبة
264 #1 - PRODUCTION, PUBLICATION, DISTRIBUTION, MANUFACTURE, AND COPYRIGHT NOTICE
Place of production, publication, distribution, manufacture القاهرة :
Name of producer, publisher, distributor, manufacturer الهيئة المصرية العامة للكتاب،
Date of production, publication, distribution, manufacture, or copyright notice 1976
300 ## - PHYSICAL DESCRIPTION
Extent 413 صفحة :
Other physical details إيضاحيات ؛
Dimensions 24 سم
336 ## - CONTENT TYPE
Content type term نص
Content type code txt
Source rdacontent
Materials specified كتاب
337 ## - MEDIA TYPE
Media type term بدون وسيط
Media type code n
Source rdamedia
338 ## - CARRIER TYPE
Carrier type term مجلد
Carrier type code nc
Source rdacarrier
500 ## - GENERAL NOTE
General note يشتمل على كشاف.
504 ## - BIBLIOGRAPHY, ETC. NOTE
Bibliography, etc. note يشتمل على إرجاعات ببليوجرافية.
504 ## - BIBLIOGRAPHY, ETC. NOTE
Bibliography, etc. note ببليوجرافية : صفحة 352-358.
590 ## - LOCAL NOTE (RLIN)
Local note Catalogued by : Sara.
650 #7 - SUBJECT ADDED ENTRY--TOPICAL TERM
Topical term or geographic name entry element الحسبة
Source of heading or term aucsh
650 #7 - SUBJECT ADDED ENTRY--TOPICAL TERM
Topical term or geographic name entry element الأحكام الشرعية
Source of heading or term aucsh
650 #7 - SUBJECT ADDED ENTRY--TOPICAL TERM
Topical term or geographic name entry element الحسبة
Source of heading or term aucsh
650 #7 - SUBJECT ADDED ENTRY--TOPICAL TERM
Topical term or geographic name entry element النظام المالي في الإسلام
Source of heading or term aucsh
700 1# - ADDED ENTRY--PERSONAL NAME
Personal name شعبان، محمد محمود
Relator term محقق.
700 1# - ADDED ENTRY--PERSONAL NAME
Personal name المطيعي، صديق أحمد عيسى
Relator term محقق.
942 ## - ADDED ENTRY ELEMENTS (KOHA)
Source of classification or shelving scheme Dewey Decimal Classification
Koha item type Books
Suppress in OPAC No
949 ## - LOCAL PROCESSING INFORMATION (OCLC)
a SA-JeALM
d 251120
u mohamedma123
n 1
Holdings
Withdrawn status Lost status Source of classification or shelving scheme Damaged status Not for loan Home library Current library Date acquired Total checkouts Full call number Barcode Date last seen Price effective from Koha item type
    Dewey Decimal Classification     DR AbdElwahab Library DR AbdElwahab Library 12/28/2025   257.2 ا ب ن ا 000022034 12/28/2025 12/28/2025 Books
    Dewey Decimal Classification     DR AbdElwahab Library DR AbdElwahab Library 12/29/2025   257.2 ا ب ن ا 000022081 12/29/2025 12/29/2025 Books